000 00695nam a2200205 i 4500
001 101567
003 ES-MaACL
005 20250815082228.0
007 t|
008 051020s1957 sp ||||1| spa d
100 1 _aMeade, J. E.
_979624
245 1 0 _aProblemas de una unión económica /
_cJ. E. Meade; traducción del inglés por la Redacción de la Revista de Economía.
260 _aMadrid :
_bAguilar,
_c1957.
300 _aVIII, 134 p. ;
_c19 cm.
490 1 _aBiblioteca de ciencias sociales
830 0 0 _aBiblioteca de ciencias sociales (Aguilar)
_9220462
852 _aES-MaACL
_jC-13908
_bR.41406
852 _aES-MaACL
_jE-8389
_bR.92817
999 _c101567
_d101567